Tribhuvan University Central Library

Essays on carrer education, ed. (Record no. 57814)

MARC details
000 -LEADER
fixed length control field 00564 a2200193 4500
041 ## - LANGUAGE CODE
Language code of text/sound track or separate title Eng.
082 ## - DEWEY DECIMAL CLASSIFICATION NUMBER
Classification number 371.426
Item number M343e
100 ## - MAIN ENTRY--PERSONAL NAME
Personal name Mcclure, Larry
9 (RLIN) 17332
245 ## - TITLE STATEMENT
Title Essays on carrer education, ed.
260 ## - PUBLICATION, DISTRIBUTION, ETC.
Place of publication, distribution, etc. Portland
Name of publisher, distributor, etc. Northwest rehional educational Laboratory
Date of publication, distribution, etc. 1973
300 ## - PHYSICAL DESCRIPTION
Extent xi, 265p.
504 ## - BIBLIOGRAPHY, ETC. NOTE
Bibliography, etc. note Include Bibliography footnotes
650 ## - SUBJECT ADDED ENTRY--TOPICAL TERM
Topical term or geographic name entry element Education-Women
9 (RLIN) 17334
650 ## - SUBJECT ADDED ENTRY--TOPICAL TERM
Topical term or geographic name entry element Career development
9 (RLIN) 10823
650 ## - SUBJECT ADDED ENTRY--TOPICAL TERM
Topical term or geographic name entry element School curriculum
9 (RLIN) 17335
650 ## - SUBJECT ADDED ENTRY--TOPICAL TERM
Topical term or geographic name entry element Career Education
9 (RLIN) 17336
653 ## - INDEX TERM--UNCONTROLLED
Uncontrolled term Vocational Education
942 ## - ADDED ENTRY ELEMENTS (KOHA)
Source of classification or shelving scheme Dewey Decimal Classification
Koha item type General Collections
Holdings
Withdrawn status Lost status Source of classification or shelving scheme Damaged status Not for loan Home library Current library Date acquired Total Checkouts Full call number Barcode Date last seen Price effective from Koha item type
    Dewey Decimal Classification     Tribhuvan University Central Library Tribhuvan University Central Library 02/16/2011   371.426 M343e G21722 02/16/2011 02/16/2011 General Collections